Busiest US Airports by Logo - Statistics

General Stats
  • This quiz has been taken 657 times
  • The average score is 19 of 20
Answer Stats
Picture Hint Answer % Correct
DEN | CO | 28,645,527 Denver
99%
ATL | GA | 36,676,010 Hartsfield-Jackson Atlanta
99%
LAX | CA | 23,663,410 Los Angeles
99%
LAS | NV | 19,160,342 Harry Reid [Las Vegas]
98%
MIA | FL | 17,500,096 Miami
98%
ORD | IL | 26,350,976 Chicago O'Hare
97%
DFW | TX | 30,005,266 Dallas Fort Worth
97%
JFK | NY | 15,273,342 John F. Kennedy [New York]
97%
PHX | AZ | 18,940,287 Phoenix Sky Harbor
97%
SEA | WA | 17,430,195 Seattle-Tacoma
97%
BOS | MA | 10,909,817 Boston Logan
96%
SFO | CA | 12,211,409 San Francisco
95%
SLC | UT | 10,795,906 Salt Lake City
93%
CLT | NC | 20,900,875 Charlotte Douglas
90%
IAH | TX | 16,242,821 George Bush [Houston]
90%
MSP | MN | 12,211,409 Minneapolis-St. Paul
90%
EWR | NJ | 14,514,049 Newark Liberty
88%
MCO | FL | 19,618,838 Orlando
88%
DTW | MI | 11,517,696 Detroit Metropolitan
87%
FLL | FL | 13,598,994 Fort Lauderdale-Hollywood
82%
No matching quizzes found
Score Distribution
Percent of People with Each Score
Percentile by Number Answered
Your Score History
You have not taken this quiz